| 000 | 01346cam a2200361 a 4500 | ||
|---|---|---|---|
| 999 |
_c129313 _d129313 |
||
| 001 | 3981886 | ||
| 003 | ARRUPE | ||
| 005 | 20190402095708.0 | ||
| 008 | 950927s1995 nyua b 000 0 eng d | ||
| 010 | _a 95060970 | ||
| 020 | _a1874166242 | ||
| 035 | _a(OCoLC)34236245 | ||
| 040 |
_aCLU _cCLU _dDLC |
||
| 042 | _alccopycat | ||
| 050 | 0 | 0 |
_aQA76 _b.B799 1995 |
| 082 | 0 | 0 |
_a302.23 _221 |
| 100 | 1 |
_aBuick, Joanna. _945568 |
|
| 245 | 1 | 0 |
_aCyberspace for beginners _cJoanna Buick and Zoran Jevtic ; edited by Richard Appignanesi. |
| 260 |
_aCambridge : _bIcon Books, _c1995. |
||
| 300 |
_a175 p. : _bill. ; _c21 cm. |
||
| 504 | _aIncludes bibliographical references (p. 174). | ||
| 650 | 0 |
_aComputer science _xPopular works. _945569 |
|
| 650 | 0 |
_aCyberspace _xPopular works. _945570 |
|
| 650 | 0 |
_aComputer networks _xPopular works. _945571 |
|
| 700 | 1 |
_aAppignanesi, Richard. _934235 |
|
| 700 | 1 |
_aJevtic, Zoran. _945572 |
|
| 906 |
_a7 _bcbc _ccopycat _d2 _eopcn _f19 _gy-gencatlg |
||
| 942 |
_2lcc _cMONOGRAPH |
||